| 000 | 01467nam a22002775i 4500 | ||
|---|---|---|---|
| 001 | 172277 | ||
| 003 | ES-MaACL | ||
| 005 | 20251008063058.0 | ||
| 008 | 090623s2008 sp |||| | spa d | ||
| 020 | _a978-84-89318-10-6 | ||
| 080 | _a94(=361:460.27 M.)(0:82) | ||
| 080 | _a821.134.2-223.09(460.27 M.)"17" | ||
| 100 | 1 |
_aGonzález Echegaray, Carlos, _d1921-2013 _958608 |
|
| 245 | 1 | 4 |
_aLos vascos en Madrid a través de los sainetes del siglo XVIII _b: lección de ingreso como amigo de número (1964) leída, 44 años después, el 16 de febrero de 2008 / _cCarlos González Echegaray ; y palabras de recepción, Pablo Beltrán de Heredia. |
| 260 |
_aMadrid : _bDelegación en Corte de la R.S.B.A.P., Departamento de Publicaciones, _c2008. |
||
| 300 |
_a46 p. ; _c21 cm. |
||
| 490 | 1 |
_aColección "Lecciones de ingreso" = _aSarrera Hitzaldiak Bilduma |
|
| 594 | _aPrecede al título: Delegación en Corte, Real Sociedad Bascongada de los Amigos del País = Gorteko Ordezkaritza, Euskalerriaren Adiskideen Elkartea. | ||
| 650 | 1 | 4 |
_aVascos- _xEn la literatura. _9201509 |
| 650 | 4 |
_aSainete español- _zMadrid- _xHistoria y crítica. _9140824 |
|
| 700 | 1 |
_aBeltrán de Heredia, Pablo. _927358 |
|
| 710 | 2 |
_aReal Sociedad Bascongada de los Amigos del País. _bDelegación en Corte _96371 |
|
| 830 | 0 |
_aColección Lecciones de ingreso = _aSarrera Hitzaldiak Bilduma _9223281 |
|
| 852 |
_aES-MaACL _j2251-F-11 _9R.143589 |
||
| 999 |
_c172277 _d172277 |
||